000 00681nam a2200217Ia 4500
003 OSt
005 20251009113120.0
008 220923b |||||||| |||| 00| 0 eng d
020 _a0199131244
037 _cReference
040 _aRTL
_cRTL
_beng
041 _2eng
_aeng
084 _aV2:N85, M5/SC
_qRTL
100 _aBrown, Judith M.
_914240
245 0 _aModern India: the origins of an Asian democracy
260 _aOxford
_bOxford university press
_c1985
300 _axvi,429 p.
_ccm.
_bIncludes bibliographical references and index.
500 _aGlossary : P.xiv-xvi P.
942 _hV2.N85, M5/SC
_cREF
_2CC
_n0
999 _c646759
_d646759